Quelle princesse Disney ce cache ? - Statistiques

Statistiques générales
  • Ce quiz a été pris 206 fois
  • Le résultat moyen est 11 sur 13
Statistiques - réponses
Par images Réponse % Correct
raiponce
96%
blanche neige
94%
elsa
94%
mulan
94%
aurore
92%
pocahontas
91%
vaiana
91%
belle
89%
ariel
88%
tiana
81%
merida
64%
raya
62%
asha
36%
Aucun quiz correspondant
Distribution des résultats
% des personnes avec chaque résultat
Percentile par nombre de réponses
Votre historique - résultats
Vous n’avez pas pris ce quiz